|
|
|
|
| LEADER |
00000nam0a2200000 4500 |
| 001 |
297950 |
| 005 |
20231102001046.0 |
| 035 |
|
|
|a (RuTPU)RU\TPU\book\323085
|
| 090 |
|
|
|a 297950
|
| 100 |
|
|
|a 20150613d1976 k y0rusy50 ca
|
| 101 |
0 |
|
|a rus
|
| 102 |
|
|
|a RU
|
| 105 |
|
|
|a a z 001zy
|
| 200 |
1 |
|
|a Термодинамические циклы, схемы и энергооборудование атомных электростанций
|f А. А. Канаев, Е. Ф. Ратников, И. З. Копп
|
| 210 |
|
|
|a Москва
|c Атомиздат
|d 1976
|
| 215 |
|
|
|a 319 с.
|c ил.
|
| 320 |
|
|
|a Библиогр.: с. 307-317.
|
| 606 |
1 |
|
|a Атомные электрические станции
|x Электрооборудование
|2 stltpush
|3 (RuTPU)RU\TPU\subj\29778
|9 53041
|
| 610 |
1 |
|
|a термодинамические циклы
|
| 610 |
1 |
|
|a термодинамические схемы
|
| 610 |
1 |
|
|a энергооборудование
|
| 610 |
1 |
|
|a АЭС
|
| 610 |
1 |
|
|a парогенераторы
|
| 610 |
1 |
|
|a теплообменные аппараты
|
| 610 |
1 |
|
|a паротурбинное оборудование
|
| 610 |
1 |
|
|a конденсационные установки
|
| 610 |
1 |
|
|a газотурбинные установки
|
| 675 |
|
|
|a 621.311.25:621.039.002.5
|v 3
|
| 700 |
|
1 |
|a Канаев
|b А. А.
|g Андрей Андреевич
|
| 701 |
|
1 |
|a Ратников
|b Е. Ф.
|g Евгений Федорович
|
| 701 |
|
1 |
|a Копп
|b И. З.
|g Илья Зиновьевич
|
| 702 |
|
1 |
|a Петросьянц
|b А. М.
|4 340
|
| 801 |
|
1 |
|a RU
|b 63413507
|c 20150613
|
| 801 |
|
2 |
|a RU
|b 63413507
|c 20200714
|g RCR
|
| 942 |
|
|
|c BK
|